| 000 | 00884nam a2200289Ia 4500 | ||
|---|---|---|---|
| 001 | Z_2250 | ||
| 003 | CHAP | ||
| 008 | 220113s1994 xx 000 0 und d | ||
| 010 | _a165306 | ||
| 040 | _cCHAP | ||
| 090 | _aTesis C 913 | ||
| 100 |
_aCortez Romero, Cesar _928305 |
||
| 245 |
_aInteracción genotipo por ambiente en bovinos lecheros / _cpor Cesar Cortez Romero y Jesús Ortíz Calvillo |
||
| 260 |
_aChapingo, Méx. : _bEl autor, _c1994 |
||
| 300 | _a101 h. | ||
| 502 | _aTesis (Ing. Agr. Esp. en Zootecnia) -- UACH. Departamento de Zootecnia | ||
| 650 |
_aGanado lechero _xEfecto del medio ambiente _945258 |
||
| 650 |
_aGanado lechero _xGenética _945267 |
||
| 650 |
_aGanado lechero _xProducción _945288 |
||
| 700 |
_aOrtíz Calvillo, Jesús _983943 |
||
| 901 | _aTESIS C 913 | ||
| 902 | _aM | ||
| 910 | _a1994 | ||
| 942 | _c2 | ||
| 942 | _c2 | ||
| 999 |
_c165306 _d165306 |
||